00588nam a2200193Ia 450000500170000000800410001702000150005808200220007310000130009524500750010826000390018330000190022265000100024165000110025165000130026294200060027595200980028199900150037920250320015633.0240331s9999 xx 000 0 und d a0333471652 a302.23bCUR22894 aCurti, L 0aFemale Stories, Female Bodies:bNarrative, Identity and Representation aLondon,bMacmillan Press Ltdc1998 axviii, 232 p., aWomen aGender aFeminism cL 001040708LaWERCLbWERCLcSSCd2024-03-31l0o 302.23 CURp2894r2024-03-31w2024-03-31yL c1109d1109